[Event "Chigorin Memorial"]
[Site "St Petersburg"]
[Date "2015.10.09"]
[Round "7.170"]
[White "Slugin, Yaroslav"]
[Black "Golikov, Sergei"]
[Result "1-0"]
[WhiteElo "1895"]
[BlackElo "1708"]
[PlyCount "79"]
[EventDate "2015.10.03"]
[EventRounds "9"]
[EventCountry "RUS"]

1. a3 e5 2. b4 a5 3. Bb2 d5 4. Bxe5 Nc6 5. Bb2 axb4 6. axb4 Rxa1 7. Bxa1 Nxb4
8. c3 Nc6 9. Nf3 Nf6 10. e3 Bd6 11. c4 dxc4 12. Bxc4 O-O 13. O-O Bg4 14. d4 Qe7
15. Nbd2 Ra8 16. Qc2 Nb4 17. Qb3 c6 18. Rc1 b5 19. Bf1 Nbd5 20. Bb2 Rc8 21. h3
Bf5 22. Ne5 Bxe5 23. dxe5 Ne4 24. Nxe4 Bxe4 25. f3 Bg6 26. Qxd5 Qb7 27. Qc5 h6
28. Bd4 Bf5 29. Ra1 Ra8 30. Qb6 Qc8 31. Rc1 Ra6 32. Qc5 Qa8 33. e4 Bd7 34. Qd6
Qb7 35. Bc5 Ra8 36. Rd1 Be8 37. f4 Kh7 38. f5 Qa6 39. f6 Qa4 40. Qf8 1-0

[Event "Chigorin Memorial"]
[Site "St Petersburg"]
[Date "2015.10.09"]
[Round "7.172"]
[White "Kiseleva, Ekaterina"]
[Black "Bagaeva, Maria"]
[Result "1-0"]
[WhiteElo "1859"]
[BlackElo "1500"]
[PlyCount "57"]
[EventDate "2015.10.03"]
[EventRounds "9"]
[EventCountry "RUS"]

1. e4 d5 2. exd5 Qxd5 3. Nf3 Nf6 4. Be2 Bf5 5. O-O e6 6. d4 a6 7. c4 Qd8 8. Nc3
Be7 9. Qb3 b6 10. Bf4 Nbd7 11. Rad1 O-O 12. Rd2 Ne4 13. Nxe4 Bxe4 14. Qe3 Nf6
15. a3 Bd6 16. Ne5 Bb7 17. Bg5 Re8 18. Bf3 Bxf3 19. Qxf3 Be7 20. Rfd1 h6 21.
Bh4 Qd6 22. Bg3 Qd8 23. Rd3 Bd6 24. h3 Qe7 25. Bh4 g5 26. Nc6 Qd7 27. Qxf6 Qxc6
28. Bg3 Bf8 29. Be5 1-0

[Event "Chigorin Memorial"]
[Site "St Petersburg"]
[Date "2015.10.09"]
[Round "7.173"]
[White "Aure, Anders Nilsson"]
[Black "Gantsevich, Aleksey A"]
[Result "1/2-1/2"]
[WhiteElo "1689"]
[BlackElo "1845"]
[PlyCount "97"]
[EventDate "2015.10.03"]
[EventRounds "9"]
[EventCountry "RUS"]

1. c4 e5 2. Nc3 d6 3. g3 g6 4. Bg2 Bg7 5. Nf3 f5 6. d3 Nf6 7. O-O O-O 8. Rb1 a5
9. a3 Nc6 10. Bg5 h6 11. Bxf6 Bxf6 12. Nd5 Bg7 13. b4 axb4 14. axb4 Ne7 15. Nd2
f4 16. b5 Nxd5 17. Bxd5+ Kh8 18. Qb3 Rb8 19. Rfc1 b6 20. Ra1 Bg4 21. Re1 h5 22.
Ra7 Bh6 23. Ne4 Bf5 24. Rea1 Bxe4 25. Bxe4 Qf6 26. Bf3 Rf7 27. Ra8 Rxa8 28.
Rxa8+ Kg7 29. Qd1 g5 30. Qf1 g4 31. Bd5 Rf8 32. Rxf8 Qxf8 33. Qg2 Qf6 34. Qe4
Bg5 35. Qg2 Kh6 36. Be4 Qf8 37. Bd5 fxg3 38. hxg3 Qf6 39. Be4 h4 40. gxh4 Bxh4
41. Qxg4 Bxf2+ 42. Kg2 Bh4 43. Qf3 Qg7+ 44. Kh3 Bg5 45. Qg4 Qf6 46. Qf3 Bf4 47.
Qg4 Bg5 48. Qf3 Qe6+ 49. Qg4 1/2-1/2

[Event "Chigorin Memorial"]
[Site "St Petersburg"]
[Date "2015.10.09"]
[Round "7.175"]
[White "Muradyan, Asya"]
[Black "Montolio Benedicto, Cesar"]
[Result "0-1"]
[WhiteElo "1501"]
[BlackElo "1816"]
[PlyCount "114"]
[EventDate "2015.10.03"]
[EventRounds "9"]
[EventCountry "RUS"]

1. e4 e5 2. Nf3 Nc6 3. d4 exd4 4. Bc4 Nf6 5. e5 d5 6. Bb5 Ne4 7. Nxd4 Bd7 8.
Bxc6 bxc6 9. O-O Be7 10. Nd2 Nc5 11. N2b3 O-O 12. Be3 Na4 13. Rb1 Nb6 14. Qf3
Nc4 15. Bf4 Re8 16. Nd2 Nxd2 17. Bxd2 Bc5 18. Nb3 Be7 19. Rfe1 Be6 20. Nd4 Qd7
21. Nxe6 Qxe6 22. a3 Bc5 23. Qc3 Bb6 24. b4 a5 25. Qb2 Qf5 26. Re2 axb4 27.
axb4 f6 28. Rf1 Rxe5 29. Rxe5 Qxe5 30. Qxe5 fxe5 31. Re1 e4 32. c4 Bd4 33. cxd5
cxd5 34. Kf1 Ra1 35. Rxa1 Bxa1 36. Ke2 c6 37. Ke3 Kf7 38. Kf4 Kf6 39. g4 Be5+
40. Ke3 Bxh2 41. Kd4 Bd6 42. Ke3 Kg5 43. Bc3 Kxg4 44. Bxg7 Bxb4 45. Bb2 Bd6 46.
Bd4 h5 47. Bf6 h4 48. Bxh4 Kxh4 49. Kd4 Kg4 50. Ke3 Bc5+ 51. Ke2 Bb6 52. Kf1
Kf3 53. Kg1 Bxf2+ 54. Kh2 e3 55. Kh3 e2 56. Kh2 e1=R 57. Kh3 Rh1# 0-1

[Event "Chigorin Memorial"]
[Site "St Petersburg"]
[Date "2015.10.09"]
[Round "7.176"]
[White "Stroganov, Anatoly"]
[Black "Lapin, Nikita"]
[Result "0-1"]
[WhiteElo "1795"]
[BlackElo "1641"]
[PlyCount "38"]
[EventDate "2015.10.03"]
[EventRounds "9"]
[EventCountry "RUS"]

1. d4 Nf6 2. Nf3 g6 3. Nbd2 Bg7 4. e4 d6 5. c3 O-O 6. Be2 e5 7. dxe5 dxe5 8.
Nxe5 Nxe4 9. Nxf7 Nxf2 10. Nxd8 Nxd1 11. Bc4+ Kh8 12. Nf7+ Rxf7 13. Bxf7 Ne3
14. Bb3 Nxg2+ 15. Ke2 Nf4+ 16. Kf2 Nd3+ 17. Kg3 Nc6 18. h4 Bf5 19. h5 Rf8 {
unreadable} 0-1

[Event "Chigorin Memorial"]
[Site "St Petersburg"]
[Date "2015.10.09"]
[Round "7.178"]
[White "Klimentiev, Sergey"]
[Black "Tsyrendashiev, Bato"]
[Result "1-0"]
[WhiteElo "1727"]
[BlackElo "1631"]
[PlyCount "125"]
[EventDate "2015.10.03"]
[EventRounds "9"]
[EventCountry "RUS"]

1. e4 e5 2. Nf3 Nc6 3. Bb5 f5 4. exf5 e4 5. Qe2 Qe7 6. Bxc6 dxc6 7. Nd4 Qe5 8.
Ne6 Bxe6 9. fxe6 Bd6 10. Nc3 Nf6 11. d3 exd3 12. Qxe5 Bxe5 13. cxd3 O-O-O 14.
Ke2 Rhe8 15. f4 Bd4 16. f5 g6 17. Bg5 gxf5 18. Kd2 Rxe6 19. Rae1 Rde8 20. Rxe6
Rxe6 21. Rf1 Ne8 22. Rxf5 h6 23. Bf4 Nd6 24. Rh5 Bg7 25. Rh3 Kd7 26. Re3 Rf6
27. g3 Nf5 28. Re4 Ne7 29. Ke2 Nd5 30. Be5 Rf7 31. Bxg7 Rxg7 32. a3 Kd6 33. Rh4
Nxc3+ 34. bxc3 Rg6 35. Kf3 Ke5 36. Rh5+ Kf6 37. Kf4 b5 38. Rf5+ Ke6 39. c4 a6
40. Rf8 Kd7 41. c5 Ke6 42. Ke4 Rg4+ 43. Ke3 Ra4 44. Rh8 Rxa3 45. Rxh6+ Kd7 46.
Rf6 b4 47. h4 b3 48. Rf1 b2 49. Rb1 Rb3 50. Kd2 Rb8 51. Kc2 Rg8 52. Rg1 Rb8 53.
Kb1 Ke6 54. g4 Kf6 55. Rf1+ Kg6 56. Rf5 Rh8 57. h5+ Kh6 58. Rf6+ Kg5 59. Rg6+
Kf4 60. Kxb2 Ke5 61. Kc3 Kd5 62. Rg5+ Ke6 63. Kc4 1-0

[Event "Chigorin Memorial"]
[Site "St Petersburg"]
[Date "2015.10.09"]
[Round "7.180"]
[White "Biyachuev, Minkail"]
[Black "Khochinsky, Andrey"]
[Result "0-1"]
[WhiteElo "1437"]
[BlackElo "1680"]
[PlyCount "88"]
[EventDate "2015.10.03"]
[EventRounds "9"]
[EventCountry "RUS"]

1. d4 Nf6 2. Bf4 g6 3. c4 d6 4. Nc3 Bg7 5. e4 Nbd7 6. Nf3 Nh5 7. Bg5 h6 8. Be3
e5 9. dxe5 Nxe5 10. Nxe5 Bxe5 11. Qd2 Bg7 12. Be2 Nf6 13. c5 Be6 14. cxd6 Qxd6
15. Bb5+ Ke7 16. Qxd6+ cxd6 17. Rd1 Ng4 18. Bd4 Bxd4 19. Rxd4 Rac8 20. O-O a6
21. Be2 Ne5 22. f4 Nc6 23. Rd2 Na5 24. f5 Nc4 25. f6+ Kd7 26. Bxc4 Rxc4 27. e5
d5 28. Nxd5 Bxd5 29. Rxd5+ Ke6 30. Rfd1 Rhc8 31. Rd6+ Kxe5 32. R1d5+ Ke4 33.
Rd7 Rc1+ 34. Kf2 R8c2+ 35. Kg3 Rxb2 36. Ra5 Rc3+ 37. Kh4 Rxg2 38. Re7+ Kf4 39.
Ra4+ Kf5 40. Ra5+ Kxf6 41. Rxf7+ Kxf7 42. a4 g5+ 43. Rxg5 hxg5+ 44. Kh5 Rh3#
0-1

[Event "Chigorin Memorial"]
[Site "St Petersburg"]
[Date "2015.10.09"]
[Round "7.182"]
[White "Chekletsova, Darya"]
[Black "Prishibilovich, Matvei"]
[Result "1/2-1/2"]
[WhiteElo "1495"]
[BlackElo "1409"]
[PlyCount "107"]
[EventDate "2015.10.03"]
[EventRounds "9"]
[EventCountry "RUS"]

1. e4 e5 2. Nf3 Nc6 3. Bb5 Nf6 4. Bxc6 dxc6 5. Nxe5 Qd4 6. Nf3 Qxe4+ 7. Qe2
Qxe2+ 8. Kxe2 Bf5 9. d3 Nd5 10. Bd2 O-O-O 11. a3 Bd6 12. Nc3 Rhe8+ 13. Kf1 f6
14. Re1 Rxe1+ 15. Kxe1 Re8+ 16. Kd1 Bg4 17. h3 Bxf3+ 18. gxf3 Be5 19. Re1 Kd7
20. Ne4 b6 21. b3 Nf4 22. h4 Ne6 23. a4 c5 24. h5 Re7 25. a5 Bf4 26. axb6 cxb6
27. Bc3 Nd4 28. Bxd4 cxd4 29. Rg1 f5 30. Ng3 Bxg3 31. fxg3 Re3 32. f4 g6 33.
hxg6 hxg6 34. g4 Ke6 35. gxf5+ Kxf5 36. Rg5+ Kxf4 37. Rxg6 Re7 38. Rd6 Ke5 39.
Rh6 Rd7 40. Rh5+ Kd6 41. Rb5 Kc6 42. Rb4 b5 43. c4 dxc3 44. Kc2 a5 45. Rh4 b4
46. Rc4+ Kb5 47. Rh4 Rd5 48. Rh8 Kc5 49. Rc8+ Kd4 50. Rc4+ Ke3 51. Re4+ Kf3 52.
Re8 Rb5 53. Rf8+ Ke3 54. Re8+ 1/2-1/2

[Event "Chigorin Memorial"]
[Site "St Petersburg"]
[Date "2015.10.09"]
[Round "7.183"]
[White "Zvereva, Svetlana"]
[Black "Glazov, Anatoly"]
[Result "0-1"]
[WhiteElo "1545"]
[BlackElo "1827"]
[PlyCount "54"]
[EventDate "2015.10.03"]
[EventRounds "9"]
[EventCountry "RUS"]

1. e4 e6 2. d4 d5 3. e5 c5 4. Bb5+ Nc6 5. Bxc6+ bxc6 6. Ne2 cxd4 7. Qxd4 c5 8.
Qg4 Ne7 9. O-O Ng6 10. f4 Rb8 11. b3 Ba6 12. Re1 Be7 13. Ng3 Bh4 14. Qf3 Qd7
15. Nd2 O-O 16. Ndf1 d4 17. Bb2 Bb7 18. Qf2 Qc6 19. Bc1 f6 20. exf6 Rxf6 21.
Qe2 Re8 22. Ne4 Bxe1 23. Nxf6+ gxf6 24. Rb1 Ba5 25. Qg4 Kh8 26. h4 Nxh4 27. Ba3
Rg8 0-1

[Event "Chigorin Memorial"]
[Site "St Petersburg"]
[Date "2015.10.10"]
[Round "8.1"]
[White "Belous, Vladimir"]
[Black "Alekseenko, Kirill"]
[Result "1-0"]
[WhiteElo "2566"]
[BlackElo "2539"]
[PlyCount "55"]
[EventDate "2015.10.03"]
[EventRounds "9"]
[EventCountry "RUS"]
[WhiteClock "0:32:21"]
[BlackClock "0:01:08"]

1. c4 e5 2. Nc3 Nc6 3. g3 Bc5 4. Bg2 d6 5. e3 Bf5 6. a3 a5 7. Nge2 Nf6 8. d4
Ba7 9. O-O O-O 10. b4 Qc8 11. Nd5 axb4 12. Nxf6+ gxf6 13. d5 Na5 14. axb4 Nxc4
15. Nc3 Qd7 16. Qh5 Bg6 17. Qh4 Nb6 18. Ne4 Nxd5 19. Rd1 f5 20. Rxd5 fxe4 21.
Rda5 Qc6 22. b5 Qc3 23. Bxe4 Kg7 24. Kg2 d5 25. Bxd5 Rfd8 26. e4 Rxd5 27. Bh6+
Kg8 28. Rxa7 1-0

[Event "Chigorin Memorial"]
[Site "St Petersburg"]
[Date "2015.10.10"]
[Round "8.3"]
[White "Sandipan, Chanda"]
[Black "Timofeev, Artyom"]
[Result "1/2-1/2"]
[WhiteElo "2567"]
[BlackElo "2539"]
[PlyCount "79"]
[EventDate "2015.10.03"]
[EventRounds "9"]
[EventCountry "RUS"]
[WhiteClock "0:35:11"]
[BlackClock "0:02:04"]

1. d4 d5 2. c4 dxc4 3. e3 Nf6 4. Bxc4 e6 5. Nf3 c5 6. O-O a6 7. Bb3 Be7 8. Nc3
O-O 9. dxc5 Qxd1 10. Rxd1 Bxc5 11. Bd2 b5 12. a4 b4 13. Ne2 a5 14. Be1 Nbd7 15.
Ned4 Bxd4 16. Nxd4 Nc5 17. Bc4 Ba6 18. Bb5 Bxb5 19. axb5 Rfb8 20. Nc6 Rxb5 21.
Bxb4 h6 22. Ba3 Nb3 23. Nd4 Nxd4 24. Rxd4 Rc8 25. Rad1 Nd5 26. g3 f5 27. g4
fxg4 28. Rxg4 Kf7 29. Rdd4 g5 30. Rc4 Rxc4 31. Rxc4 h5 32. Kf1 g4 33. Ke2 Kg6
34. Kd3 Nb4+ 35. Bxb4 axb4 36. Re4 Kf5 37. Rf4+ Kg5 38. Re4 Kf5 39. Rf4+ Kg5
40. Re4 1/2-1/2

[Event "Chigorin Memorial"]
[Site "St Petersburg"]
[Date "2015.10.10"]
[Round "8.4"]
[White "Stupak, Kirill"]
[Black "Turov, Maxim"]
[Result "1/2-1/2"]
[WhiteElo "2531"]
[BlackElo "2609"]
[PlyCount "60"]
[EventDate "2015.10.03"]
[EventRounds "9"]
[EventCountry "RUS"]
[WhiteClock "0:00:43"]
[BlackClock "0:33:53"]

1. Nf3 Nf6 2. c4 g6 3. Nc3 d5 4. cxd5 Nxd5 5. e4 Nxc3 6. dxc3 Qxd1+ 7. Kxd1 f6
8. Be3 e5 9. Kc2 Be6 10. Nd2 Nd7 11. Bc4 Bxc4 12. Nxc4 Nb6 13. Bxb6 axb6 14. a4
Bh6 15. b4 Ke7 16. Rhd1 Rhd8 17. Kb3 Rxd1 18. Rxd1 Rd8 19. Rd5 Rxd5 20. exd5
Kd7 21. f3 Bf8 22. Kc2 Bd6 23. h3 f5 24. g4 Ke7 25. g5 Kd7 26. Kd3 Kc8 27. Ke3
Kd7 28. Kd3 Kc8 29. Ke3 Kd7 30. Kd3 Kc8 1/2-1/2

[Event "Chigorin Memorial"]
[Site "St Petersburg"]
[Date "2015.10.10"]
[Round "8.5"]
[White "Aleksandrov, Aleksej"]
[Black "Kharchenko, Boris"]
[Result "1-0"]
[WhiteElo "2606"]
[BlackElo "2500"]
[PlyCount "77"]
[EventDate "2015.10.03"]
[EventRounds "9"]
[EventCountry "RUS"]
[WhiteClock "0:03:13"]
[BlackClock "0:00:39"]

1. d4 d5 2. c4 Nc6 3. e3 e5 4. dxe5 d4 5. a3 Be6 6. Qa4 Qd7 7. Nf3 dxe3 8. Bxe3
Nxe5 9. Qxd7+ Nxd7 10. Nc3 O-O-O 11. Nd4 Ne7 12. O-O-O Bg4 13. f3 Nf5 14. Bg5
f6 15. Ne6 Ne3 16. Nxd8 Nxd1 17. Nf7 Nf2 18. Nxh8 Nxh1 19. fxg4 fxg5 20. Ne4
Ne5 21. Nxg5 Nxg4 22. h3 h6 23. Ne6 Ne3 24. Bd3 Bd6 25. Kd2 Nxg2 26. c5 Bh2 27.
Ng6 Kd7 28. Nef8+ Ke8 29. Be4 Nf4 30. Bxh1 Kf7 31. Be4 b6 32. cxb6 cxb6 33. h4
Nh5 34. Bd5+ Kf6 35. Bf3 Ng3 36. Kd3 Nf5 37. h5 Bd6 38. Ke4 b5 39. Nh7+ 1-0

[Event "Chigorin Memorial"]
[Site "St Petersburg"]
[Date "2015.10.10"]
[Round "8.6"]
[White "Levin, Evgeny A"]
[Black "Goganov, Aleksey"]
[Result "1/2-1/2"]
[WhiteElo "2508"]
[BlackElo "2603"]
[PlyCount "136"]
[EventDate "2015.10.03"]
[EventRounds "9"]
[EventCountry "RUS"]
[WhiteClock "0:06:23"]
[BlackClock "0:11:07"]

1. d4 d5 2. c4 c6 3. Nf3 Nf6 4. e3 Bg4 5. Nc3 e6 6. h3 Bh5 7. g4 Bg6 8. Ne5
Nbd7 9. Nxg6 hxg6 10. a3 g5 11. Bd2 Bd6 12. Qf3 Qe7 13. O-O-O O-O-O 14. Kb1 Bc7
15. Bd3 Nf8 16. Rhe1 dxc4 17. Bxc4 Ng6 18. Ne4 Nxe4 19. Qxe4 Rxh3 20. Rh1 Rxh1
21. Rxh1 Kb8 22. Bc3 Nh4 23. f4 Re8 24. Qh7 g6 25. Bb4 Qd7 26. Rf1 Ng2 27. Qh3
c5 28. Bxc5 Qc6 29. fxg5 Qe4+ 30. Ka2 b6 31. Rg1 Nxe3 32. Re1 Bf4 33. Bd6+ Bxd6
34. Qxe3 Qxe3 35. Rxe3 Kc7 36. Bb5 Rf8 37. Rc3+ Kd8 38. Ba6 Kd7 39. Bb5+ Ke7
40. Ba6 Bf4 41. Rc8 Rxc8 42. Bxc8 Be3 43. d5 exd5 44. Kb3 Bxg5 45. Kc2 Kd6 46.
b3 Be7 47. a4 Ke5 48. Kd3 f5 49. gxf5 g5 50. Ke3 Bf6 51. Kf3 Kd4 52. Bb7 Kc5
53. Ke3 Bg7 54. Kd3 Be5 55. Ke3 g4 56. f6 Bxf6 57. Kf4 d4 58. Kxg4 d3 59. Kf3
Kb4 60. Be4 Kc3 61. b4 Kxb4 62. Ke3 Kxa4 63. Kxd3 b5 64. Bc6 a6 65. Bb7 a5 66.
Bc6 Kb4 67. Kc2 a4 68. Be8 Bg7 1/2-1/2

[Event "Chigorin Memorial"]
[Site "St Petersburg"]
[Date "2015.10.10"]
[Round "8.7"]
[White "Kokarev, Dmitry"]
[Black "Iljiushenok, Ilia"]
[Result "1-0"]
[WhiteElo "2603"]
[BlackElo "2491"]
[PlyCount "117"]
[EventDate "2015.10.03"]
[EventRounds "9"]
[EventCountry "RUS"]
[WhiteClock "0:18:11"]
[BlackClock "0:17:59"]

1. c4 e5 2. g3 Nf6 3. Bg2 d5 4. cxd5 Nxd5 5. Nf3 Nc6 6. O-O Nb6 7. b3 g6 8. Nc3
Bg7 9. Ba3 Ne7 10. Rc1 O-O 11. Nb5 e4 12. Ng5 Bd7 13. Nxc7 Rc8 14. Nxe4 Bc6 15.
Rxc6 Nxc6 16. Nb5 a6 17. Nbc3 Ne7 18. Nd6 Rc7 19. Nxb7 Qc8 20. Nd6 Qd7 21. e3
Rd8 22. Qe2 Nec8 23. Nxc8 Rcxc8 24. Qxa6 Qxd2 25. Nb1 Qc2 26. Qxb6 Rd1 27. Qb7
Rxb1 28. Bd5 Rxf1+ 29. Kxf1 Rc7 30. Qa8+ Rc8 31. Qb7 Rc7 32. Qb5 h5 33. Kg2 h4
34. gxh4 Qf5 35. Qe8+ Kh7 36. Qe4 Qxe4+ 37. Bxe4 Ra7 38. Bc5 Rxa2 39. h5 f5 40.
hxg6+ Kxg6 41. Bc6 Bc3 42. b4 Be1 43. e4 fxe4 44. Bxe4+ Kf6 45. b5 Ke5 46. Bc6
Rc2 47. b6 Ba5 48. b7 Bc7 49. Bb6 Bb8 50. Bf3 Rc4 51. Bd8 Rd4 52. Bg5 Kf5 53.
h4 Rc4 54. Kh3 Rb4 55. Be3 Rb3 56. h5 Bf4 57. Bd5 Rb5 58. Bxf4 Kxf4 59. h6 1-0

[Event "Chigorin Memorial"]
[Site "St Petersburg"]
[Date "2015.10.10"]
[Round "8.8"]
[White "Soffer, Ram"]
[Black "Demchenko, Anton"]
[Result "1/2-1/2"]
[WhiteElo "2479"]
[BlackElo "2595"]
[PlyCount "117"]
[EventDate "2015.10.03"]
[EventRounds "9"]
[EventCountry "RUS"]
[WhiteClock "0:05:14"]
[BlackClock "0:04:24"]

1. g3 e5 2. c4 d6 3. Nc3 Be7 4. Bg2 f5 5. d3 Nf6 6. e4 c6 7. Nge2 O-O 8. O-O
Na6 9. h3 fxe4 10. Nxe4 Be6 11. Ng5 Bd7 12. Nc3 h6 13. Nge4 Nxe4 14. dxe4 Be6
15. b3 Qd7 16. Kh2 Bg5 17. Ba3 Rad8 18. Qe2 Qc7 19. Rad1 Qa5 20. Bb2 Nc5 21.
Qc2 Qb6 22. Ne2 a5 23. f4 Bf6 24. f5 Bf7 25. Ba3 a4 26. b4 Na6 27. Rb1 Nc7 28.
b5 cxb5 29. cxb5 Rc8 30. Qb2 Na8 31. Rfd1 Rfd8 32. Nc3 Qa5 33. Bb4 Qa7 34. Bxd6
Nb6 35. Bb4 Rd4 36. Ne2 Nc4 37. Qc3 Rxd1 38. Rxd1 Qb6 39. a3 Qxb5 40. Ng1 Qe8
41. Nf3 b5 42. Bf1 Qc6 43. Qe1 Qb6 44. Rd3 Qb7 45. Nd2 Kh7 46. Nxc4 Bxc4 47.
Rc3 Bxf1 48. Rxc8 Qxc8 49. Qxf1 Qc2+ 50. Qg2 Qd3 51. h4 Kh8 52. Kh3 Kh7 53. Kh2
Qd1 54. Qa2 Qd7 55. Qe6 Qc7 56. Qe8 Qc2+ 57. Kh3 Qxe4 58. Qg6+ Kg8 59. Qe8+
1/2-1/2

[Event "Chigorin Memorial"]
[Site "St Petersburg"]
[Date "2015.10.10"]
[Round "8.9"]
[White "Sakaev, Konstantin"]
[Black "Lugovskoy, Maxim"]
[Result "1-0"]
[WhiteElo "2594"]
[BlackElo "2470"]
[PlyCount "63"]
[EventDate "2015.10.03"]
[EventRounds "9"]
[EventCountry "RUS"]
[WhiteClock "0:10:20"]
[BlackClock "0:03:57"]

1. Nf3 d5 2. g3 c6 3. Bg2 Bg4 4. d3 Nd7 5. h3 Bh5 6. O-O Ngf6 7. Qe1 e5 8. e4
dxe4 9. dxe4 Bc5 10. a4 a5 11. Na3 O-O 12. Nc4 Qc7 13. Bd2 b6 14. Nh4 Ne8 15.
Nf5 Bg6 16. Bc3 f6 17. Qe2 Bf7 18. Rfd1 Be6 19. Bf3 Bb4 20. Bxb4 axb4 21. Qd2
b5 22. axb5 Rxa1 23. Rxa1 Bxc4 24. bxc6 Nb8 25. Qxb4 Be6 26. Qc5 Rf7 27. Ra8
Bc8 28. Bg4 Bb7 29. Rxb8 Qxb8 30. Ne7+ Kf8 31. Nc8+ Kg8 32. cxb7 1-0

[Event "Chigorin Memorial"]
[Site "St Petersburg"]
[Date "2015.10.10"]
[Round "8.11"]
[White "Bodnaruk, Anastasia"]
[Black "Esen, Baris"]
[Result "1/2-1/2"]
[WhiteElo "2459"]
[BlackElo "2570"]
[PlyCount "137"]
[EventDate "2015.10.03"]
[EventRounds "9"]
[EventCountry "RUS"]
[WhiteClock "0:05:02"]
[BlackClock "0:09:44"]

1. e4 c5 2. Nf3 d6 3. d4 cxd4 4. Nxd4 Nf6 5. Nc3 a6 6. h3 e6 7. g4 h6 8. f4 Be7
9. Be3 b5 10. a3 Bb7 11. Bg2 Nfd7 12. O-O Nb6 13. b3 N8d7 14. f5 e5 15. Nde2
Rc8 16. Qd2 Qc7 17. Rad1 Nf6 18. Qe1 Nbd7 19. Rc1 d5 20. exd5 Bxa3 21. Rd1 Bc5
22. Qf2 O-O 23. Rd2 Qb6 24. Bxc5 Rxc5 25. Ne4 Nxe4 26. Bxe4 a5 27. Ra1 Ra8 28.
Ng3 a4 29. d6 Ra6 30. Kh2 Bc6 31. Ra2 Qb7 32. Qe3 a3 33. b4 Rc4 34. Bxc6 Qxc6
35. Rxa3 Rxa3 36. Qxa3 Rd4 37. Rxd4 exd4 38. Qd3 Ne5 39. Qe4 Qxd6 40. Kg2 d3
41. cxd3 Nxd3 42. Ne2 Nxb4 43. Qe8+ Kh7 44. Qxb5 Qd2 45. Qe5 Nd3 46. Qe4 f6 47.
Kf3 Qd1 48. Kg2 Qc2 49. Kg3 Qb1 50. Kh2 Qd1 51. Kg2 Qb3 52. h4 Qc2 53. Kg3 Qd2
54. Kg2 Ne5 55. Kf2 Nf7 56. Qe3 Qd6 57. Qf4 Qd1 58. Qe4 Qd6 59. Qf4 Ne5 60. Qe4
Nd3+ 61. Kg2 Nc5 62. Qf3 Qd2 63. Kh3 Nd3 64. g5 fxg5 65. hxg5 hxg5 66. Qh5+ Kg8
67. Qe8+ Kh7 68. Qh5+ Kg8 69. Qe8+ 1/2-1/2

[Event "Chigorin Memorial"]
[Site "St Petersburg"]
[Date "2015.10.10"]
[Round "8.12"]
[White "Eliseev, Urii"]
[Black "Khanin, Semen"]
[Result "1-0"]
[WhiteElo "2536"]
[BlackElo "2359"]
[PlyCount "73"]
[EventDate "2015.10.03"]
[EventRounds "9"]
[EventCountry "RUS"]
[WhiteClock "0:14:33"]
[BlackClock "0:12:58"]

1. d4 Nf6 2. c4 g6 3. Nc3 Bg7 4. e4 d6 5. Nf3 O-O 6. Be2 c6 7. O-O e5 8. Re1
Nbd7 9. Bf1 Re8 10. d5 c5 11. Bg5 h6 12. Bh4 g5 13. Bg3 Nf8 14. Be2 Nh5 15. Nd2
Nf4 16. Bf3 N8g6 17. Nf1 f5 18. exf5 Bxf5 19. Ne3 Bd7 20. Ne4 Qe7 21. Rb1 Rf8
22. a3 b6 23. b4 Rab8 24. h3 Rfd8 25. Bg4 Qf8 26. bxc5 Bxg4 27. hxg4 bxc5 28.
Rxb8 Rxb8 29. Nf5 Rb2 30. Nexd6 Qb8 31. Kh2 Nh4 32. Bxf4 gxf4 33. Nxh4 Qxd6 34.
Nf5 Qb8 35. d6 Rxf2 36. Qd5+ Kf8 37. Ne7 1-0

[Event "Chigorin Memorial"]
[Site "St Petersburg"]
[Date "2015.10.10"]
[Round "8.13"]
[White "Sarana, Alexey"]
[Black "Can, Emre"]
[Result "0-1"]
[WhiteElo "2413"]
[BlackElo "2531"]
[PlyCount "102"]
[EventDate "2015.10.03"]
[EventRounds "9"]
[EventCountry "RUS"]

1. d4 d5 2. Nf3 c6 3. c4 e6 4. Nbd2 f5 5. g3 Nf6 6. Bg2 Bd6 7. O-O Nbd7 8. b3
O-O 9. Bb2 b6 10. Qc2 Bb7 11. Ne5 Rc8 12. Rad1 Qe7 13. e3 Rfd8 14. Rfe1 c5 15.
Nxd7 Rxd7 16. a4 Rdc7 17. cxd5 cxd4 18. Qd3 Nxd5 19. Bxd4 Nb4 20. Qe2 Ba6 21.
Nc4 Bxc4 22. bxc4 Rxc4 23. Rd2 Nc2 24. Red1 Bb4 25. Rd3 Ne1 26. Rb3 Nxg2 27.
Kxg2 Qb7+ 28. Qf3 Qxf3+ 29. Kxf3 Rd8 30. Rdd3 Bf8 31. Be5 Rxd3 32. Rxd3 Rxa4
33. Rd8 Kf7 34. Rd7+ Ke8 35. Rb7 g5 36. Bb8 g4+ 37. Kg2 a5 38. Rxb6 Kd7 39. Be5
h5 40. h4 gxh3+ 41. Kxh3 Ra2 42. Ra6 a4 43. Kh4 a3 44. Kxh5 Rxf2 45. Kg6 Bc5
46. Kf6 a2 47. Ba1 Bxe3 48. Ra3 Re2 49. Ra6 Bc5 50. Kf7 Bd6 51. Kf6 Bxg3 0-1

[Event "Chigorin Memorial"]
[Site "St Petersburg"]
[Date "2015.10.10"]
[Round "8.14"]
[White "Palachev, Petr"]
[Black "Tukhaev, Adam"]
[Result "0-1"]
[WhiteElo "2373"]
[BlackElo "2569"]
[PlyCount "70"]
[EventDate "2015.10.03"]
[EventRounds "9"]
[EventCountry "RUS"]

1. d4 Nf6 2. c4 e6 3. Nc3 Bb4 4. e3 c5 5. Bd3 O-O 6. Nf3 d5 7. O-O dxc4 8. Bxc4
Nc6 9. a3 Bxc3 10. bxc3 Qc7 11. Bb2 e5 12. h3 Bf5 13. Qe2 Rad8 14. Bb5 e4 15.
Nd2 Bg6 16. Bxc6 bxc6 17. c4 Bh5 18. Qe1 Rfe8 19. Qc1 Re6 20. Re1 Ne8 21. Qc2
Bg6 22. Nb3 Bf5 23. Nxc5 Rg6 24. g3 Nf6 25. Kf1 Bxh3+ 26. Ke2 Qa5 27. Nxe4 Bg4+
28. f3 Bxf3+ 29. Kxf3 Qf5+ 30. Ke2 Nxe4 31. Rg1 Qf2+ 32. Kd3 Nc5+ 33. Kc3 Qxe3+
34. Kb4 a5+ 35. Kxc5 Qe7+ 0-1

[Event "Chigorin Memorial"]
[Site "St Petersburg"]
[Date "2015.10.10"]
[Round "8.15"]
[White "Slavin, Alexey"]
[Black "Amonatov, Farrukh"]
[Result "0-1"]
[WhiteElo "2401"]
[BlackElo "2591"]
[PlyCount "78"]
[EventDate "2015.10.03"]
[EventRounds "9"]
[EventCountry "RUS"]

1. e4 c5 2. Nf3 d6 3. d4 cxd4 4. Nxd4 Nf6 5. Nc3 a6 6. Be2 e5 7. Nb3 Be7 8. Bg5
Nbd7 9. a4 Qc7 10. Nd2 h6 11. Bh4 g5 12. Bg3 Nc5 13. f3 Ne6 14. Nc4 Nf4 15. Ne3
Be6 16. Bf2 Rd8 17. g3 d5 18. gxf4 dxe4 19. Qc1 exf4 20. fxe4 fxe3 21. Qxe3 Bd6
22. Rd1 O-O 23. Rxd6 Qxd6 24. e5 Qc6 25. Rg1 Nh7 26. h4 Bf5 27. hxg5 hxg5 28.
Bh4 Bg6 29. Bxg5 Nxg5 30. Qxg5 Rfe8 31. Qf4 Qb6 32. Rg4 Re6 33. Bc4 Qxb2 34.
Rxg6+ Rxg6 35. Bxf7+ Kg7 36. Bxg6 Qxc3+ 37. Ke2 Rf8 38. Bf7 Qxc2+ 39. Ke1 Rxf7
0-1

[Event "Chigorin Memorial"]
[Site "St Petersburg"]
[Date "2015.10.10"]
[Round "8.16"]
[White "Ponfilenok, Vladimir"]
[Black "Bok, Benjamin"]
[Result "1/2-1/2"]
[WhiteElo "2395"]
[BlackElo "2591"]
[PlyCount "83"]
[EventDate "2015.10.03"]
[EventRounds "9"]
[EventCountry "RUS"]

1. d4 g6 2. Nf3 Bg7 3. c4 f5 4. e4 fxe4 5. Ng5 Nf6 6. Nc3 O-O 7. Be3 e6 8.
Ncxe4 Nxe4 9. Nxe4 d5 10. Ng5 c5 11. dxc5 Bxb2 12. Rb1 Bc3+ 13. Bd2 Qxg5 14.
Bxc3 Nc6 15. cxd5 exd5 16. Qd2 Re8+ 17. Kd1 Qg4+ 18. f3 Qa4+ 19. Qc2 Qxc2+ 20.
Kxc2 Bf5+ 21. Bd3 Re2+ 22. Bd2 Bxd3+ 23. Kxd3 Rxg2 24. f4 Nd8 25. Rhe1 Kf7 26.
Re5 d4 27. Rd5 Rxh2 28. Rxd4 Ne6 29. Rxb7+ Kf6 30. Rd5 Nxc5+ 31. Rxc5 Rd8+ 32.
Ke4 Rhxd2 33. Rc6+ R8d6 34. Rxd6+ Rxd6 35. Rxa7 h5 36. a4 Rb6 37. a5 Rb4+ 38.
Kf3 Rb3+ 39. Ke4 Rb4+ 40. Kf3 Rb3+ 41. Ke4 Rb4+ 42. Kf3 1/2-1/2